000 00822nam a2200229 i 4500
001 7486
003 ES-MaACL
005 20230906145238.0
007 t|
008 910123s1989 sp |||| | spa d
020 _a84-404-3761-7
080 _a86-821"19"
100 1 _aGarcía Domínguez, Raimundo.
_954547
245 1 0 _aLibro de los tropiezos
_b: con Fraga, Victoria Armesto y los socialistas históricos, Piñeiro, Sabell y Albor, Franqueira y sus Cooperativas /
_c[Raimundo García Domínguez].
260 _aMadrid :
_bAnxelo Novo,
_cD.L. 1989.
300 _a208 p. ;
_c21 cm.
490 1 _aPapeles de Borobó ;
_v3
650 0 4 _aPolíticos-
_zEspaña-
_yS.XX.
_916315
830 0 _aPapeles de Borobó ;
_v3
_9177882
852 _aES-MaACL
_jL-14766
_z. - Dedicatoria autógrafa del autor
999 _c7486
_d7486